Wszystkie grywalne postacie w Tekken 3 - Statystyki

Ogólne statystyki
  • Ten quiz został rozwiązany 6 razy
  • Średni wynik to 13 z 23
Statystyki odpowiedzi
Odpowiedź % Poprawnych
Jin Kazama
100%
Paul Phoenix
100%
Anna Williams
80%
Gun Jack
80%
Heihachi Mishima
80%
Mokujin
80%
Nina Williams
80%
Ogre
80%
True Ogre
80%
Eddy Gordo
60%
Forest Law
60%
Gon
60%
Hwoarang
60%
Lei Wulong
60%
Ling Xiaoyu
60%
Yoshimitsu
60%
Bryan Fury
40%
Julia Chang
40%
Panda
40%
Dr. Geppetto Boskonovitch
0%
King II
0%
Kuma II
0%
Tiger Jackson
0%
Nie znaleziono quizów pasujących do podanych kryteriów
Rozkład punktacji
Procent ludzi z każdym wynikiem
Percentyl według liczby udzielonych odpowiedzi
Twoja historia wyników
Nie rozwiązałeś tego quizu